LEADER 00944nam a2200217 i 4500 001 000000133161 003 CaOOAMICUS 005 20070402000000.0 008 070402s1971 it u000 u ita u 013 $a106179 040 $aSeMil$bita 100 1 $aCarminati, Giacomo.$0(OLS)http://semarc/name/49171 245 10$aCristiani, uomini nuovi :$bappunti per la Catechesi parrocchiale, Anno 1971-72 /$cGiacomo Carminati. 260 $aMilano :$bUfficio Catechistico Diocesano,$c1971. 300 $a156 p. ;$c22 cm. 650 4$aCatechesi.$0(OLS)http://semarc/subject/3693 850 $aSeMil 852 $aSeMil$W1$xVenegono$y1$m2C II 524$j87026$B87026$CSeMilBibl$Z2$F122250 $81 961 $aOmaggio: Casiraghi don Ernesto 996 $6245$aCristiani, uomini nuovi :$bappunti per la Catechesi parrocchiale, Anno 1971-72$9(OLS)http://semarc/title/195285 996 $6260$aMilano :$bUfficio Catechistico Diocesano$9(OLS)http://semarc/publisher/31486 LEADER 01360nam a2200313 i 4500 001 000000136692 003 CaOOAMICUS 005 20050331000000.0 008 050331s1997 it u000 u ita u 013 $a110411 020 $a88-17-11140-6 040 $aSeMil$bita 100 1 $aMeersch, Maxence : Van der <1907-1951>.$0(OLS)http://semarc/name/15446 240 10$aCorps et âmes.$0(OLS)http://semarc/title/199735 245 10$aCorpi e anime /$cMaxence van der Meersch ; introduzione di Giancarlo Cesana ; traduzione di Matilde Castaldi Bertone. 260 $a[Milano] :$bBiblioteca Universale Rizzoli,$c1997. 300 $aVII, 569 p. ;$c20 cm. 490 0 $aI libri dello spirito cristiano 500 $aFondo Card. C.M. Martini. 700 1 $aCastaldi Bertone, Matilde.$0(OLS)http://semarc/name/55593 700 1 $aCesana, Giancarlo.$0(OLS)http://semarc/name/49348 830 2$aI libri dello spirito cristiano.$0(OLS)http://semarc/title/9336 850 $aSeMil 852 $aSeMil$W1$xVenegono$y1$m1T II 116$j239467$B90285$CSeMilBibl$Z2$F95155 $81 941 1 $a4 961 $aOmaggio: Martini Card. Carlo Maria 996 $6020$a88-17-11140-6$9(OLS)http://semarc/number/124259 996 $6245$aCorpi e anime$9(OLS)http://semarc/title/199734 996 $6260$a[Milano] :$bBiblioteca Universale Rizzoli$9(OLS)http://semarc/publisher/33333